000 01242nam a2200277Ia 4500
999 _c5214
_d5214
003 OSt
005 20200415223710.0
008 191128s99992003ck fr 000 0 spa d
020 _a9586824608
040 _aCO-JMCR
_cCO-JMCR
041 0 _aspa
082 0 4 _a323.4 /
_bC718s
_223
110 1 _aColombia.
_bDefensoría del Pueblo
_93125
245 1 0 _aSeguridad y libertades individuales /
_cDefensoría del Pueblo
250 _aPrimera edición
260 _aBogotá :
_bAlfaomega,
_c2003
300 _axii, 50 páginas ;
_c21 cm.
490 0 _aLibros de cambio
505 0 _aSeguridad en la posguerra fría y la globalización -- Terrorismo, conflicto armado y derechos humanos -- La tensión entre seguridad y libertad -- Inteligencia, fuerzas de seguridad y ciudadanía -- La población civil en el conflicto armado
520 _aEl presente libro ofrece como un "mapa de lectura" del Seminario Internacional sobre Seguridad y Libertades Individuales, realizado por la Defensoría del Pueblo de Colombia en noviembre de 2002.
650 1 4 _aPaz
_zColombia
_93126
650 1 4 _aDerechos humanos
_zColombia
_93127
650 1 4 _aSeguridad nacional
_zColombia
_93128
650 1 4 _aCondiciones sociales
_zColombia
_93129
942 _2ddc
_cBK